[Event "Bundesliga 9900"]
[Site "Deutschland"]
[Date "2000.03.12"]
[Round "12.6"]
[White "Polzin, Rainer"]
[Black "Zude, Arno"]
[Result "1-0"]
[WhiteElo "2464"]
[BlackElo "2371"]
[PlyCount "95"]
[EventDate "1999.10.09"]
[EventType "team"]
[EventRounds "15"]
[EventCountry "GER"]
[SourceTitle "Bundesliga 9900"]
[Source "DeepChess"]
[SourceDate "2005.01.01"]
[SourceVersion "1"]
[SourceVersionDate "2005.01.01"]
[SourceQuality "1"]
[WhiteTeam "SF Neukoelln 03 e.V."]
[BlackTeam "PSV Turm Duisburg 1920 e.V."]
[WhiteTeamCountry "GER"]
[BlackTeamCountry "GER"]

1. e4 e5 2. Bc4 Nf6 3. d4 exd4 4. Nf3 Nc6 5. e5 d5 6. Bb5 Ne4 7. Nxd4 Bc5 8.
Be3 Bd7 9. Bxc6 bxc6 10. Nd2 Qe7 11. Nxe4 dxe4 12. e6 fxe6 13. Nxc6 Bb4+ 14.
Nxb4 Qxb4+ 15. Qd2 Qxd2+ 16. Kxd2 Bc6 17. Rhd1 O-O-O+ 18. Kc3 a6 19. Rd4 Rhf8
20. Rad1 Rxd4 21. Rxd4 Rf5 22. b3 h5 23. h4 g6 24. a4 Bd5 25. Rd2 Bc6 26. Kb4
Bb7 27. c4 Bc6 28. Kc3 Rf8 29. b4 Rf5 30. Kb3 Rf7 31. b5 axb5 32. axb5 Bb7 33.
c5 Bd5+ 34. Kb4 c6 35. b6 Kb7 36. Rd1 Rf8 37. Rg1 e5 38. g4 Rg8 39. Bh6 Rh8 40.
Bg7 Re8 41. gxh5 gxh5 42. Rg5 Re7 43. Bxe5 Rh7 44. Rg1 Rf7 45. Ra1 Kc8 46. Ra8+
Kb7 47. Re8 Ka6 48. Bd6 1-0

[Event "Bundesliga 9900"]
[Site "Deutschland"]
[Date "2000.03.12"]
[Round "12.7"]
[White "Kummerow, Heiko"]
[Black "Rudolf, Henrik"]
[Result "1/2-1/2"]
[WhiteElo "2326"]
[BlackElo "2308"]
[PlyCount "47"]
[EventDate "1999.10.09"]
[EventType "team"]
[EventRounds "15"]
[EventCountry "GER"]
[SourceTitle "Bundesliga 9900"]
[Source "DeepChess"]
[SourceDate "2005.01.01"]
[SourceVersion "1"]
[SourceVersionDate "2005.01.01"]
[SourceQuality "1"]
[WhiteTeam "PSV Turm Duisburg 1920 e.V."]
[BlackTeam "SF Neukoelln 03 e.V."]
[WhiteTeamCountry "GER"]
[BlackTeamCountry "GER"]

1. e4 g6 2. d4 Bg7 3. Nc3 d6 4. f4 Nf6 5. Nf3 c5 6. Bb5+ Bd7 7. e5 Ng4 8. e6
Bxb5 9. exf7+ Kd7 10. Nxb5 Qa5+ 11. Nc3 h5 12. h3 cxd4 13. Nxd4 Nc6 14. Nde2
Nh6 15. Be3 Nf5 16. Bf2 Rac8 17. O-O Nd8 18. Qd3 Ne6 19. Rad1 Qa6 20. Qf3 Rc4
21. Rfe1 Qc6 22. Nd5 Nc7 23. c3 Nxd5 24. Rxd5 1/2-1/2

[Event "Bundesliga 9900"]
[Site "Deutschland"]
[Date "2000.03.12"]
[Round "12.8"]
[White "Thiede, Lars"]
[Black "Groth, Klaus Ulrich"]
[Result "1-0"]
[WhiteElo "2390"]
[BlackElo "1873"]
[PlyCount "61"]
[EventDate "1999.10.09"]
[EventType "team"]
[EventRounds "15"]
[EventCountry "GER"]
[SourceTitle "Bundesliga 9900"]
[Source "DeepChess"]
[SourceDate "2005.01.01"]
[SourceVersion "1"]
[SourceVersionDate "2005.01.01"]
[SourceQuality "1"]
[WhiteTeam "SF Neukoelln 03 e.V."]
[BlackTeam "PSV Turm Duisburg 1920 e.V."]
[WhiteTeamCountry "GER"]
[BlackTeamCountry "GER"]

1. g3 Nf6 2. c4 c5 3. Bg2 Nc6 4. Nc3 g6 5. a3 Bg7 6. Rb1 a6 7. b4 cxb4 8. axb4
Rb8 9. b5 axb5 10. Rxb5 Nd4 11. Rb1 O-O 12. e3 Nc6 13. Nge2 Qa5 14. O-O Ne5 15.
Rb5 Qc7 16. c5 d6 17. d4 Ned7 18. cxd6 Qxd6 19. Qb3 Qc7 20. Ba3 Re8 21. Rc1 Qd8
22. e4 e5 23. Rd1 exd4 24. Nxd4 Bf8 25. Bxf8 Kxf8 26. Nc6 Qc7 27. Nxb8 Nxb8 28.
Qb4+ Kg7 29. Qd4 Nc6 30. Qxf6+ Kxf6 31. Nd5+ 1-0

[Event "Bundesliga 9900"]
[Site "Deutschland"]
[Date "2000.03.12"]
[Round "12.1"]
[White "Hracek, Zbynek"]
[Black "Jussupow, Artur"]
[Result "1-0"]
[WhiteElo "2620"]
[BlackElo "2628"]
[PlyCount "67"]
[EventDate "1999.10.09"]
[EventType "team"]
[EventRounds "15"]
[EventCountry "GER"]
[SourceTitle "Bundesliga 9900"]
[Source "DeepChess"]
[SourceDate "2005.01.01"]
[SourceVersion "1"]
[SourceVersionDate "2005.01.01"]
[SourceQuality "1"]
[WhiteTeam "SAbt SV Werder Bremen"]
[BlackTeam "SG 1868 Aljech. Solingen"]
[WhiteTeamCountry "GER"]
[BlackTeamCountry "GER"]

1. e4 e5 2. Nf3 Nf6 3. Nxe5 d6 4. Nf3 Nxe4 5. d4 d5 6. Bd3 Nc6 7. O-O Be7 8. c4
Nb4 9. Be2 O-O 10. Nc3 b6 11. Ne5 Bb7 12. Re1 dxc4 13. Bxc4 Nxc3 14. bxc3 Nd5
15. Qf3 c6 16. Bb3 Bd6 17. Bc2 Qc7 18. Qh3 g6 19. Bh6 Rfe8 20. c4 Bxe5 21. dxe5
Nb4 22. Bf5 Rxe5 23. Qc3 Rae8 24. f4 Rxe1+ 25. Rxe1 Rxe1+ 26. Qxe1 Qd8 27. Qe5
f6 28. Qe6+ Kh8 29. Qf7 Qd4+ 30. Kf1 Qd1+ 31. Kf2 Qd2+ 32. Kg3 Qe3+ 33. Kh4
Qf2+ 34. Kh3 1-0

[Event "Bundesliga 9900"]
[Site "Deutschland"]
[Date "2000.03.12"]
[Round "12.5"]
[White "Schandorff, Lars"]
[Black "Piket, Jeroen"]
[Result "0-1"]
[WhiteElo "2511"]
[BlackElo "2633"]
[PlyCount "82"]
[EventDate "1999.10.09"]
[EventType "team"]
[EventRounds "15"]
[EventCountry "GER"]
[SourceTitle "Bundesliga 9900"]
[Source "DeepChess"]
[SourceDate "2005.01.01"]
[SourceVersion "1"]
[SourceVersionDate "2005.01.01"]
[SourceQuality "1"]
[WhiteTeam "SAbt SV Werder Bremen"]
[BlackTeam "SG 1868 Aljech. Solingen"]
[WhiteTeamCountry "GER"]
[BlackTeamCountry "GER"]

1. d4 Nf6 2. c4 g6 3. Nc3 Bg7 4. e4 d6 5. Be2 O-O 6. Bg5 a6 7. Qd2 c6 8. Nf3
Bg4 9. O-O Nbd7 10. Rad1 Qc7 11. e5 Bxf3 12. exd6 Qxd6 13. Bxf3 Rfe8 14. Rfe1
Rad8 15. Bf4 Qb4 16. b3 e6 17. Qb2 h5 18. a3 Qf8 19. c5 Kh7 20. b4 Qh8 21. Bg5
Rc8 22. a4 Kg8 23. h4 e5 24. dxe5 Nxe5 25. Be2 Re6 26. Qc1 Rce8 27. Bf1 Kh7 28.
Ne4 Nxe4 29. Rxe4 Bf6 30. Rde1 R8e7 31. Qf4 Bxg5 32. hxg5 Qe8 33. R4e3 Ng4 34.
Rxe6 Rxe6 35. Rd1 Re4 36. Qd2 Qe5 37. g3 h4 38. Bd3 hxg3 39. Bxe4 gxf2+ 40. Kf1
Qxe4 41. Qd4 Qf3 0-1

[Event "Bundesliga 9900"]
[Site "Deutschland"]
[Date "2000.03.12"]
[Round "12.7"]
[White "Meins, Gerlef"]
[Black "Lobron, Eric"]
[Result "1-0"]
[WhiteElo "2414"]
[BlackElo "2550"]
[PlyCount "107"]
[EventDate "1999.10.09"]
[EventType "team"]
[EventRounds "15"]
[EventCountry "GER"]
[SourceTitle "Bundesliga 9900"]
[Source "DeepChess"]
[SourceDate "2005.01.01"]
[SourceVersion "1"]
[SourceVersionDate "2005.01.01"]
[SourceQuality "1"]
[WhiteTeam "SAbt SV Werder Bremen"]
[BlackTeam "SG 1868 Aljech. Solingen"]
[WhiteTeamCountry "GER"]
[BlackTeamCountry "GER"]

1. d4 Nf6 2. c4 e6 3. g3 Bb4+ 4. Bd2 a5 5. Bg2 O-O 6. Nf3 b6 7. Ne5 Ra7 8. O-O
d6 9. Nf3 Bxd2 10. Qxd2 Ba6 11. b3 c6 12. Nc3 b5 13. cxb5 cxb5 14. Rfc1 Nbd7
15. Ng5 d5 16. e3 h6 17. Nh3 b4 18. Na4 Ne4 19. Qe1 e5 20. f3 Nef6 21. Qd2 Re8
22. Nf2 exd4 23. Qxd4 Rc7 24. Qd2 Bb5 25. Nb2 Nc5 26. Bf1 Bxf1 27. Kxf1 Ne6 28.
Nbd3 Ng5 29. Kg2 Rce7 30. Re1 Qb6 31. h4 Ne6 32. Rac1 Nc7 33. Nd1 Nb5 34. Nf4
d4 35. e4 Nc3 36. Nb2 Qa7 37. Nc4 a4 38. Nd3 axb3 39. axb3 Qb7 40. Nf2 Rd8 41.
Ra1 Ne8 42. Ra5 Nc7 43. Nd3 Ne6 44. Rea1 Rc7 45. Ra6 g5 46. hxg5 Nxg5 47. Rb6
Qc8 48. Rxh6 f6 49. Rah1 Nh7 50. Rg6+ Kh8 51. Qf4 Rf8 52. Rxf6 Rxf6 53. Qxf6+
Rg7 54. Nd6 1-0

[Event "Bundesliga 9900"]
[Site "Deutschland"]
[Date "2000.03.12"]
[Round "12.8"]
[White "Chandler, Murray G"]
[Black "Meyer, Claus Dieter"]
[Result "1/2-1/2"]
[WhiteElo "2527"]
[BlackElo "2313"]
[PlyCount "71"]
[EventDate "1999.10.09"]
[EventType "team"]
[EventRounds "15"]
[EventCountry "GER"]
[SourceTitle "Bundesliga 9900"]
[Source "DeepChess"]
[SourceDate "2005.01.01"]
[SourceVersion "1"]
[SourceVersionDate "2005.01.01"]
[SourceQuality "1"]
[WhiteTeam "SG 1868 Aljech. Solingen"]
[BlackTeam "SAbt SV Werder Bremen"]
[WhiteTeamCountry "GER"]
[BlackTeamCountry "GER"]

1. e4 c5 2. Nf3 Nc6 3. Bb5 d6 4. O-O Nf6 5. Re1 Bd7 6. c3 a6 7. Bxc6 Bxc6 8. d4
cxd4 9. cxd4 Bxe4 10. Nc3 Bxf3 11. Qxf3 e6 12. Qxb7 Qc8 13. Qf3 Be7 14. Qg3 O-O
15. Bh6 Ne8 16. d5 Kh8 17. Bd2 Nf6 18. Rac1 e5 19. Qd3 Qb7 20. b3 Rac8 21. h3
g6 22. Bg5 Ng8 23. Be3 Nf6 24. Red1 Nd7 25. Na4 f5 26. f3 Kg8 27. Kh2 Rxc1 28.
Rxc1 Rc8 29. Rc4 Kf7 30. Qc2 Rxc4 31. bxc4 Bh4 32. Qb3 Qc8 33. Kg1 f4 34. Bf2
Bxf2+ 35. Kxf2 Nc5 36. Qc2 1/2-1/2

[Event "Bundesliga 9900"]
[Site "Deutschland"]
[Date "2000.03.12"]
[Round "12.2"]
[White "Slobodjan, Roman"]
[Black "Van Wely, Loek"]
[Result "1-0"]
[WhiteElo "2561"]
[BlackElo "2646"]
[PlyCount "73"]
[EventDate "1999.10.09"]
[EventType "team"]
[EventRounds "15"]
[EventCountry "GER"]
[SourceTitle "Bundesliga 9900"]
[Source "DeepChess"]
[SourceDate "2005.01.01"]
[SourceVersion "1"]
[SourceVersionDate "2005.01.01"]
[SourceQuality "1"]
[WhiteTeam "USC Magdeburg"]
[BlackTeam "SG Porz e.V."]
[WhiteTeamCountry "GER"]
[BlackTeamCountry "GER"]

1. e4 c5 2. Nc3 d6 3. Nge2 a6 4. g3 b5 5. Bg2 Bb7 6. d4 cxd4 7. Nxd4 e6 8. O-O
b4 9. Na4 Nd7 10. a3 a5 11. Re1 Ne7 12. axb4 axb4 13. Nb5 Nc8 14. Qd4 Qa5 15.
c4 bxc3 16. Nbxc3 Ne5 17. b4 Qc7 18. Bf4 Be7 19. Rac1 Qb8 20. b5 O-O 21. Red1
Nd7 22. Be3 Bd8 23. Qb4 Ba5 24. Qb3 Ncb6 25. Bf4 e5 26. Be3 Rc8 27. Bh3 Nxa4
28. Nxa4 Rxc1 29. Rxc1 Nf6 30. b6 Nxe4 31. Rc7 d5 32. Bg2 Nf6 33. Nc5 Bc8 34.
Rxc8+ Qxc8 35. b7 Qe8 36. bxa8=Q Qxa8 37. Qa2 1-0

[Event "Bundesliga 9900"]
[Site "Deutschland"]
[Date "2000.03.12"]
[Round "12.5"]
[White "Vaganian, Rafael A"]
[Black "Georgiev, Vladimir"]
[Result "1/2-1/2"]
[WhiteElo "2618"]
[BlackElo "2538"]
[PlyCount "114"]
[EventDate "1999.10.09"]
[EventType "team"]
[EventRounds "15"]
[EventCountry "GER"]
[SourceTitle "Bundesliga 9900"]
[Source "DeepChess"]
[SourceDate "2005.01.01"]
[SourceVersion "1"]
[SourceVersionDate "2005.01.01"]
[SourceQuality "1"]
[WhiteTeam "SG Porz e.V."]
[BlackTeam "USC Magdeburg"]
[WhiteTeamCountry "GER"]
[BlackTeamCountry "GER"]

1. c4 Nf6 2. Nc3 d6 3. g3 g6 4. Bg2 Bg7 5. Nf3 O-O 6. O-O c6 7. d4 Qa5 8. e4 e5
9. h3 Nbd7 10. Be3 exd4 11. Nxd4 Ne5 12. Nb3 Qc7 13. Nd2 Be6 14. Qe2 c5 15. f4
Nc6 16. f5 Bd7 17. g4 h6 18. Nb5 Qb8 19. Bf4 Ne8 20. Nb3 g5 21. f6 Bxf6 22.
Bxd6 Bd4+ 23. N3xd4 Nxd4 24. Nxd4 Qxd6 25. Nf5 Bxf5 26. exf5 Nf6 27. Rad1 Qc7
28. Qf3 Rad8 29. Qxb7 Qxb7 30. Bxb7 Rxd1 31. Rxd1 Rb8 32. Bf3 Rxb2 33. Rd6 Kg7
34. Ra6 Rb4 35. Be2 Rb2 36. Kf2 h5 37. gxh5 Nxh5 38. Ke3 Nf4 39. Bf3 Rc2 40.
Bd5 Rc3+ 41. Ke4 Rxh3 42. Rxa7 Nxd5 43. cxd5 Rh2 44. d6 Rd2 45. Ke5 c4 46. Ra3
c3 47. Rxc3 Rxa2 48. Rd3 Re2+ 49. Kd5 Kf6 50. Kc6 Rc2+ 51. Kb7 Rb2+ 52. Kc7
Rc2+ 53. Kd8 Kxf5 54. d7 g4 55. Ke8 Rh2 56. Ke7 Rh8 57. Rd5+ Kf4 1/2-1/2

[Event "Bundesliga 9900"]
[Site "Deutschland"]
[Date "2000.03.12"]
[Round "12.6"]
[White "Proehl, Holger"]
[Black "Andersson, Ulf"]
[Result "0-1"]
[WhiteElo "2389"]
[BlackElo "2625"]
[PlyCount "80"]
[EventDate "1999.10.09"]
[EventType "team"]
[EventRounds "15"]
[EventCountry "GER"]
[SourceTitle "Bundesliga 9900"]
[Source "DeepChess"]
[SourceDate "2005.01.01"]
[SourceVersion "1"]
[SourceVersionDate "2005.01.01"]
[SourceQuality "1"]
[WhiteTeam "USC Magdeburg"]
[BlackTeam "SG Porz e.V."]
[WhiteTeamCountry "GER"]
[BlackTeamCountry "GER"]

1. e4 c5 2. c3 Nf6 3. e5 Nd5 4. g3 Nc6 5. Bg2 e6 6. Nf3 d6 7. exd6 Bxd6 8. O-O
O-O 9. d4 cxd4 10. Nxd4 Nxd4 11. Qxd4 Qc7 12. Nd2 Rd8 13. Qc4 Rb8 14. a4 Bd7
15. Qe2 Rbc8 16. Re1 h6 17. Nf1 Bc6 18. Ne3 Ne7 19. Nc2 a6 20. Nd4 Bxg2 21.
Kxg2 Nd5 22. Qf3 Bc5 23. Ne2 Qc6 24. a5 e5 25. Ng1 Re8 26. Be3 e4 27. Qe2 Rcd8
28. Qc4 Nxe3+ 29. fxe3 Rd2+ 30. Re2 Red8 31. Rf1 Bxe3 32. Qxf7+ Kh8 33. Rfe1
Bc5 34. Qh5 e3+ 35. Qf3 Qb5 36. b4 Rf8 37. Qe4 Ba7 38. c4 Qxb4 39. Rb1 Rxe2+
40. Nxe2 Qd2 0-1

[Event "Bundesliga 9900"]
[Site "Deutschland"]
[Date "2000.03.12"]
[Round "12.7"]
[White "Hansen, Curt"]
[Black "Stolz, Mike"]
[Result "1/2-1/2"]
[WhiteElo "2618"]
[BlackElo "2308"]
[PlyCount "162"]
[EventDate "1999.10.09"]
[EventType "team"]
[EventRounds "15"]
[EventCountry "GER"]
[SourceTitle "Bundesliga 9900"]
[Source "DeepChess"]
[SourceDate "2005.01.01"]
[SourceVersion "1"]
[SourceVersionDate "2005.01.01"]
[SourceQuality "1"]
[WhiteTeam "SG Porz e.V."]
[BlackTeam "USC Magdeburg"]
[WhiteTeamCountry "GER"]
[BlackTeamCountry "GER"]

1. c4 g6 2. Nc3 Bg7 3. Nf3 d6 4. d4 Nf6 5. g3 O-O 6. Bg2 Nbd7 7. O-O e5 8. e4
Re8 9. h3 exd4 10. Nxd4 c6 11. Be3 Nc5 12. Qc2 Qe7 13. Rfe1 Bd7 14. Rad1 Nfxe4
15. Bf4 f5 16. b4 Bxd4 17. Nxe4 Nxe4 18. Rxd4 Qg7 19. Red1 d5 20. Bc1 Be6 21.
Bb2 Qf7 22. Re1 h5 23. Re3 Kh7 24. c5 Rad8 25. Ra3 a6 26. Qc1 Qc7 27. Re3 Bc8
28. Re1 Rf8 29. Rd3 Rde8 30. Rde3 Qf7 31. R1e2 f4 32. gxf4 Nf6 33. Be5 Bf5 34.
Qe1 Ne4 35. Bd6 Nxd6 36. cxd6 Rxe3 37. Rxe3 Qf6 38. Re7+ Rf7 39. Rxf7+ Qxf7 40.
Qe5 Qe6 41. Bf1 Kg8 42. Kh2 Kf7 43. Kg3 b5 44. h4 Ke8 45. Bg2 Kd7 46. Bf3 Qxd6
47. Qd4 Ke6 48. a3 Kf7 49. Qa7+ Bd7 50. Kg2 d4 51. f5 gxf5 52. Bxh5+ Kf6 53.
Qa8 Ke5 54. Qh8+ Qf6 55. f4+ Ke6 56. Qxf6+ Kxf6 57. Kf2 Be6 58. Ke2 Bc4+ 59.
Kd2 Ke6 60. Be8 Kd5 61. h5 Ke4 62. h6 Bg8 63. Bg6 Kxf4 64. Kd3 Ke5 65. h7 Bxh7
66. Bxh7 c5 67. bxc5 Kd5 68. c6 Kxc6 69. Kxd4 f4 70. Be4+ Kb6 71. Bf3 a5 72.
Bd5 Kc7 73. Kc5 b4 74. a4 Kd7 75. Kc4 Ke7 76. Kd3 Kf6 77. Ke4 f3 78. Kxf3 Ke5
79. Bf7 Kd4 80. Ke2 Kc3 81. Kd1 Kb2 1/2-1/2

[Event "Bundesliga 9900"]
[Site "Deutschland"]
[Date "2000.03.12"]
[Round "12.8"]
[White "Markgraf, Alexander"]
[Black "Nijboer, Friso"]
[Result "0-1"]
[WhiteElo "2276"]
[BlackElo "2540"]
[PlyCount "94"]
[EventDate "1999.10.09"]
[EventType "team"]
[EventRounds "15"]
[EventCountry "GER"]
[SourceTitle "Bundesliga 9900"]
[Source "DeepChess"]
[SourceDate "2005.01.01"]
[SourceVersion "1"]
[SourceVersionDate "2005.01.01"]
[SourceQuality "1"]
[WhiteTeam "USC Magdeburg"]
[BlackTeam "SG Porz e.V."]
[WhiteTeamCountry "GER"]
[BlackTeamCountry "GER"]

1. e4 d6 2. d4 g6 3. Nc3 Bg7 4. f4 Nc6 5. Be3 Nf6 6. Be2 O-O 7. e5 dxe5 8. dxe5
Qxd1+ 9. Rxd1 Ng4 10. Bc5 b6 11. Bf3 bxc5 12. Bxc6 Rb8 13. Nd5 Be6 14. b3 Bxd5
15. Rxd5 f6 16. Nf3 Ne3 17. Rd2 fxe5 18. fxe5 Bh6 19. Be4 e6 20. g3 Rb4 21. c4
Nxc4 22. bxc4 Rxc4 23. Bc6 Bxd2+ 24. Nxd2 Rc2 25. a4 Rb2 26. Rf1 Rxf1+ 27. Nxf1
c4 28. Ne3 Rxh2 29. Bg2 c3 30. Kd1 Rh5 31. Ng4 Rg5 32. Bf3 h5 33. Nf6+ Kg7 34.
Ne8+ Kf7 35. Nxc7 Rxg3 36. Bc6 h4 37. Nb5 a6 38. Nd6+ Ke7 39. Ne4 Re3 40. Kc2
h3 41. Nxc3 Rxe5 42. Kd2 h2 43. Nd1 Rc5 44. Bh1 Rc4 45. Nc3 Rg4 46. Ne4 Rg1 47.
Nf2 g5 0-1

[Event "Bundesliga 9900"]
[Site "Deutschland"]
[Date "2000.03.12"]
[Round "12.1"]
[White "Khenkin, Igor"]
[Black "Rozentalis, Eduardas"]
[Result "1-0"]
[WhiteElo "2622"]
[BlackElo "2553"]
[PlyCount "75"]
[EventDate "1999.10.09"]
[EventType "team"]
[EventRounds "15"]
[EventCountry "GER"]
[SourceTitle "Bundesliga 9900"]
[Source "DeepChess"]
[SourceDate "2005.01.01"]
[SourceVersion "1"]
[SourceVersionDate "2005.01.01"]
[SourceQuality "1"]
[WhiteTeam "TV Tegernsee"]
[BlackTeam "SV Castrop Rauxel 1923"]
[WhiteTeamCountry "GER"]
[BlackTeamCountry "GER"]

1. d4 Nf6 2. c4 e6 3. Nc3 Bb4 4. f3 d5 5. a3 Bxc3+ 6. bxc3 c6 7. Qc2 O-O 8.
cxd5 cxd5 9. e4 dxe4 10. fxe4 e5 11. d5 Qa5 12. Bd3 Nbd7 13. Nf3 Re8 14. O-O
Nc5 15. c4 Bg4 16. Be3 Rac8 17. Nd2 Nfd7 18. Rfb1 Qc7 19. a4 Bh5 20. a5 Bg6 21.
Be2 Nf6 22. Bf3 b6 23. Rb5 Nfd7 24. Bg4 Rb8 25. Bxd7 Nxd7 26. Rab1 Rec8 27. Qb3
Ra8 28. Qb4 Nf6 29. axb6 axb6 30. Rxb6 Qa7 31. c5 Ng4 32. Qb3 Qe7 33. d6 Qd8
34. h3 Nf6 35. Qd3 Nd7 36. c6 Nxb6 37. Bxb6 Qf8 38. c7 1-0

[Event "Bundesliga 9900"]
[Site "Deutschland"]
[Date "2000.03.12"]
[Round "12.2"]
[White "Van der Sterren, Paul"]
[Black "Beim, Valery"]
[Result "1/2-1/2"]
[WhiteElo "2526"]
[BlackElo "2563"]
[PlyCount "47"]
[EventDate "1999.10.09"]
[EventType "team"]
[EventRounds "15"]
[EventCountry "GER"]
[SourceTitle "Bundesliga 9900"]
[Source "DeepChess"]
[SourceDate "2005.01.01"]
[SourceVersion "1"]
[SourceVersionDate "2005.01.01"]
[SourceQuality "1"]
[WhiteTeam "SV Castrop Rauxel 1923"]
[BlackTeam "TV Tegernsee"]
[WhiteTeamCountry "GER"]
[BlackTeamCountry "GER"]

1. d4 f5 2. g3 Nf6 3. Bg2 g6 4. c4 Bg7 5. Nc3 d6 6. Nf3 O-O 7. O-O c6 8. d5 e5
9. dxe6 Bxe6 10. b3 Na6 11. Ng5 Qe7 12. Ba3 Rad8 13. Nxe6 Qxe6 14. Qc2 Nc5 15.
Bxc5 dxc5 16. Rad1 Ng4 17. Rxd8 Rxd8 18. Rd1 Re8 19. Bf3 Nxf2 20. Kxf2 Qe3+ 21.
Kg2 Qxc3 22. Qxc3 Bxc3 23. Rd7 Rb8 24. g4 1/2-1/2

[Event "Bundesliga 9900"]
[Site "Deutschland"]
[Date "2000.03.12"]
[Round "12.3"]
[White "Hertneck, Gerald"]
[Black "King, Daniel J"]
[Result "0-1"]
[WhiteElo "2571"]
[BlackElo "2514"]
[PlyCount "124"]
[EventDate "1999.10.09"]
[EventType "team"]
[EventRounds "15"]
[EventCountry "GER"]
[SourceTitle "Bundesliga 9900"]
[Source "DeepChess"]
[SourceDate "2005.01.01"]
[SourceVersion "1"]
[SourceVersionDate "2005.01.01"]
[SourceQuality "1"]
[WhiteTeam "TV Tegernsee"]
[BlackTeam "SV Castrop Rauxel 1923"]
[WhiteTeamCountry "GER"]
[BlackTeamCountry "GER"]

1. c4 b6 2. g3 Bb7 3. Nf3 Bxf3 4. exf3 c5 5. b3 Nc6 6. Bg2 e6 7. f4 Nge7 8. O-O
Nf5 9. Bb2 Be7 10. Na3 Bf6 11. Bc3 O-O 12. Nc2 g6 13. Ne3 Nfd4 14. a3 a5 15.
Rb1 Bg7 16. b4 axb4 17. axb4 cxb4 18. Bxd4 Nxd4 19. Nc2 Ra5 20. Rxb4 Qc7 21.
Nxd4 Bxd4 22. Qb3 Qd6 23. Ra4 Bc5 24. Ra2 Qd4 25. Rc2 Ra1 26. Qe3 Rxf1+ 27.
Bxf1 Qa1 28. Qc3 Qxc3 29. Rxc3 Ra8 30. Rc2 Kf8 31. Kg2 Ra3 32. Be2 Ke7 33. h4
h5 34. Bf3 Bd4 35. g4 hxg4 36. Bxg4 Bc5 37. h5 f5 38. Be2 gxh5 39. Bxh5 Rd3 40.
Be2 Rd4 41. f3 Rxf4 42. Rc1 Rd4 43. d3 Kd6 44. Rh1 Ke5 45. Kg3 Rd6 46. Rh4 Be3
47. Bf1 f4+ 48. Kg4 Kd4 49. Rh2 Kc3 50. Ra2 Rc6 51. Ra7 Rc8 52. Rxd7 Rg8+ 53.
Kh4 Rg3 54. Bh3 e5 55. Bg4 Bd4 56. Kg5 Kxd3 57. Rc7 Rg1 58. Kf5 Rc1 59. Ke6
Rxc4 60. Bf5+ Kc3 61. Rb7 Kd2 62. Kd5 Rc3 0-1

[Event "Bundesliga 9900"]
[Site "Deutschland"]
[Date "2000.03.12"]
[Round "12.4"]
[White "Gallagher, Joseph G"]
[Black "Teske, Henrik"]
[Result "1-0"]
[WhiteElo "2558"]
[BlackElo "2479"]
[PlyCount "87"]
[EventDate "1999.10.09"]
[EventType "team"]
[EventRounds "15"]
[EventCountry "GER"]
[SourceTitle "Bundesliga 9900"]
[Source "DeepChess"]
[SourceDate "2005.01.01"]
[SourceVersion "1"]
[SourceVersionDate "2005.01.01"]
[SourceQuality "1"]
[WhiteTeam "SV Castrop Rauxel 1923"]
[BlackTeam "TV Tegernsee"]
[WhiteTeamCountry "GER"]
[BlackTeamCountry "GER"]

1. e4 c6 2. d4 d5 3. Nc3 dxe4 4. Nxe4 Bf5 5. Ng3 Bg6 6. h4 h6 7. Nf3 e6 8. Ne5
Bh7 9. Bd3 Bxd3 10. Qxd3 Nd7 11. Bf4 Qa5+ 12. c3 Ngf6 13. Qe2 Be7 14. Nxd7 Nxd7
15. Kf1 O-O 16. Rh3 Rfe8 17. Kg1 Rad8 18. a3 c5 19. Nh5 cxd4 20. Bxh6 gxh6 21.
Qg4+ Bg5 22. hxg5 Qxg5 23. Qxd4 Nc5 24. f4 Qxh5 25. Rxh5 Rxd4 26. cxd4 Nd3 27.
g3 b6 28. Rh2 Rc8 29. Rd1 Nc1 30. d5 exd5 31. Rxd5 Kg7 32. Rd6 h5 33. Rd5 h4
34. gxh4 Rc4 35. h5 Rxf4 36. h6+ Kh7 37. Rg5 Rf6 38. Rg7+ Kh8 39. Rg3 Rd6 40.
h7 Rd1+ 41. Kg2 Rd2+ 42. Kh1 Rxh2+ 43. Kxh2 Kxh7 44. Rc3 1-0

[Event "Bundesliga 9900"]
[Site "Deutschland"]
[Date "2000.03.12"]
[Round "12.5"]
[White "Schmittdiel, Eckhard"]
[Black "Hoffmann, Michael"]
[Result "1/2-1/2"]
[WhiteElo "2490"]
[BlackElo "2452"]
[PlyCount "84"]
[EventDate "1999.10.09"]
[EventType "team"]
[EventRounds "15"]
[EventCountry "GER"]
[SourceTitle "Bundesliga 9900"]
[Source "DeepChess"]
[SourceDate "2005.01.01"]
[SourceVersion "1"]
[SourceVersionDate "2005.01.01"]
[SourceQuality "1"]
[WhiteTeam "TV Tegernsee"]
[BlackTeam "SV Castrop Rauxel 1923"]
[WhiteTeamCountry "GER"]
[BlackTeamCountry "GER"]

1. e4 c5 2. c3 Nf6 3. e5 Nd5 4. d4 cxd4 5. Nf3 e6 6. Nxd4 Qc7 7. Qe2 Nc6 8.
Nxc6 Qxc6 9. Nd2 Qc7 10. g3 d6 11. exd6 Bxd6 12. Bg2 O-O 13. Nc4 Bc5 14. O-O b5
15. Nd2 a5 16. Nb3 Ba6 17. Nxc5 Qxc5 18. Be3 Qc7 19. Rac1 Nxe3 20. Qxe3 Bb7 21.
Rfd1 Bxg2 22. Kxg2 Rfd8 23. b3 a4 24. Rxd8+ Rxd8 25. c4 axb3 26. axb3 bxc4 27.
Rxc4 Qb7+ 28. Qf3 Qxf3+ 29. Kxf3 g5 30. Ke2 Kf8 31. h4 h6 32. b4 Rd5 33. h5 Ke7
34. Rc7+ Kf6 35. Rc4 Ke7 36. g4 f5 37. f3 Kf6 38. Ke3 Rd1 39. Rc7 Rb1 40. Rh7
Rxb4 41. Rxh6+ Ke5 42. gxf5 exf5 1/2-1/2

[Event "Bundesliga 9900"]
[Site "Deutschland"]
[Date "2000.03.12"]
[Round "12.6"]
[White "Watson, William N"]
[Black "Pezerovic, Edin"]
[Result "1-0"]
[WhiteElo "2535"]
[BlackElo "2436"]
[PlyCount "81"]
[EventDate "1999.10.09"]
[EventType "team"]
[EventRounds "15"]
[EventCountry "GER"]
[SourceTitle "Bundesliga 9900"]
[Source "DeepChess"]
[SourceDate "2005.01.01"]
[SourceVersion "1"]
[SourceVersionDate "2005.01.01"]
[SourceQuality "1"]
[WhiteTeam "SV Castrop Rauxel 1923"]
[BlackTeam "TV Tegernsee"]
[WhiteTeamCountry "GER"]
[BlackTeamCountry "GER"]

1. e4 c6 2. d4 d5 3. Nd2 dxe4 4. Nxe4 Nf6 5. Nxf6+ gxf6 6. c3 Bf5 7. Nf3 e6 8.
g3 Bd6 9. Bg2 Nd7 10. Nh4 Bg6 11. Bh6 f5 12. O-O Nf6 13. Qb3 Rb8 14. Rfe1 Ng4
15. Bg7 Rg8 16. Rxe6+ Kd7 17. Rxd6+ Kxd6 18. Qa3+ Kc7 19. Re1 Re8 20. Rd1 Qe7
21. Qa5+ Kc8 22. Bf3 Nf6 23. Nxf5 Qe6 24. Ne3 Be4 25. Bxe4 Nxe4 26. Be5 Nd6 27.
Qxa7 Kd7 28. Bxd6 Qxd6 29. d5 c5 30. Nc4 Qa6 31. Qxc5 b5 32. Ne3 Qb6 33. Qb4 h5
34. Qf4 Qg6 35. c4 bxc4 36. Nxc4 Rb4 37. Ne5+ Rxe5 38. Qxb4 Qc2 39. Qb7+ Kd8
40. Qb6+ Kd7 41. Qc6+ 1-0